000 00735nam a2200253Ia 4500
003 OSt
005 20220928105557.0
006 a|||||r|||| 00| 0
007 ta
008 220927b |||||||| |||| 00| 0 eng d
024 _a98909
037 _cTextual
040 _aSDCL
_cSDCL
_beng
041 _2eng
_aeng
082 _aDelta2:864xJ,1, P0
100 _aRanganatha
_9415861
245 0 _aSuryasiddhanta.
260 _aVarnasi
_bChaukhamba Surbharati Prakashan
_c2000
300 _a368p.
_ccm.
490 _aChaukhamba Surbharati Granthamala.309.
700 _a Pandey Ramchandra Cm.
_9415862
942 _hDelta2:864xJ,1, P0
_cTEXL
_2CC
999 _c731760
_d731760